000 00330 a2200145 4500
001 48111
020 _a9788591456628
040 _cAnchieta - Aquarius
100 _aHeine, Palmira
240 1 0 _aO reino todo amarelo
_lpor
245 1 0 _aO reino todo amarelo
300 _a16
650 4 _aLiteratura infanto-juvenil
942 _cBK
999 _c48111
_d48111